000
00335pab a2200157 454500
008
180718b2013 xxu||||| |||| 00| 0 eng d
100
_a
Vasudevan, Vandana
245
_a
Differently alike
260
_c
2013
300
_a
p.51-53.
362
_a
Jul
650
_a
Consumers
773
_a
Seminar
908
_a
N
909
_a
101117
999
_c
101116
_d
101116